Informe de labores: 1989-1993/
El informe de labores abarca el período 1989-1993 de la sede académica de FLACSO en México, presentando un análisis detallado de las actividades, logros y enfoques institucionales durante esos años. A través de tablas y gráficos, se exponen los resultados alcanzados en diversas áreas de investigació...
Guardado en:
| Autor Corporativo: | |
|---|---|
| Formato: | Libro |
| Lenguaje: | Spanish |
| Materias: | |
| Etiquetas: |
Agregar Etiqueta
Sin Etiquetas, Sea el primero en etiquetar este registro!
|
MARC
| LEADER | 00000nam a22000007a 4500 | ||
|---|---|---|---|
| 003 | cru CIDCACS/IIS | ||
| 005 | 20230904103137.0 | ||
| 007 | ta | ||
| 008 | 190213s1993 mx a||p|r||||||0| ||spa|d | ||
| 040 | |c cru CIDCACS/IIS | ||
| 110 | 2 | |9 4505 |a FLACSO, México | |
| 245 | 1 | |a Informe de labores: |b 1989-1993/ |c FLACSO sede académica de México | |
| 300 | |a 72 páginas: |b tablas, gráficos | ||
| 520 | |a El informe de labores abarca el período 1989-1993 de la sede académica de FLACSO en México, presentando un análisis detallado de las actividades, logros y enfoques institucionales durante esos años. A través de tablas y gráficos, se exponen los resultados alcanzados en diversas áreas de investigación y programas de capacitación, así como las contribuciones a la educación y el desarrollo en la región. El informe también resalta la colaboración con diferentes organizaciones y la promoción de la investigación interdisciplinaria en ciencias sociales. En resumen, el documento ofrece una visión completa de las actividades y logros de FLACSO en México durante el período examinado. RAR 08/2023 | ||
| 650 | 0 | |2 OCDE |9 9977 |a INFORMES | |
| 650 | 0 | |2 OCDE |9 944 |a EDUCACION | |
| 650 | 4 | |2 OCDE |9 1930 |a INVESTIGACION | |
| 650 | 0 | |2 OCED |9 3325 |a PROGRAMAS DE CAPACITACION | |
| 650 | 0 | |2 OCDE |9 3294 |a DESARROLLO | |
| 650 | 0 | |2 OCDE |9 4633 |a INTERDISCIPLINARIEDAD | |
| 650 | 0 | |2 OCDE |9 75 |a CIENCIAS SOCIALES | |
| 651 | 0 | |2 OCDE |9 3410 |a MEXICO | |
| 773 | 0 | |0 42175 |9 2647 |a FLACSO, México |d México: FLACSO, |o 18781 |t Informe de labores /FLACSO sede académica de México |x 9686728031 | |
| 942 | |2 ddc |c PP | ||
| 999 | |c 42176 |d 42176 | ||
